365 dní so svedkami viery

Bibliographic Details
Other Authors: Vigni, Giuliano (Compiler), Occhipinti, Giuseppe, 1962- (Compiler), Kováčik, Jozef, 1972- (Translator)
Format: Book
Language:Slovak
Italian
PhysicalDescription:500 strán 21 cm
Published: Bratislava TV Lux s.r.o. 2024
ISBN:9788069022263
Edition:Prvé vydanie
Subjects:

MARC

LEADER 00000cam a2200000 4500
001 vtls012275149
003 SK-MaSNL
005 20260331212658.0
008 250411s2024 xo g 000 e slo
015 |a SNBA2025/05 
020 |a 9788069022263  |q (brožované) 
040 |a SNK  |b slo  |c SNK  |e rda 
041 1 |a slo  |h ita 
044 |a xo  |c SK 
072 7 |a 27-5  |x Liturgia. Kresťanské umenie a symbolika. Duchovný život  |2 konspekt 
080 |a 27-58  |2 2011 
080 |a 27  |2 2011 
080 |a 27-584  |2 2011 
080 |a (0:82-4)  |2 2011 
100 1 |a Vigni, Giuliano  |4 com  |9 571366 
240 1 0 |a 365 giorni con i testimoni della fede  |l Slovensky 
245 1 0 |a 365 dní so svedkami viery  |c zostavili Giuliano Vigni a Giuseppe Occhipinti ; z talianskeho originálu 365 giorni con i testimoni della fede ... preložil Jozef Kováčik 
246 3 |a Tristo šesťdesiatpäť dní so svedkami viery 
250 |a Prvé vydanie 
264 1 |a Bratislava  |b TV Lux s.r.o.  |c 2024 
300 |a 500 strán  |c 21 cm 
336 |a text  |b txt  |2 rdacontent 
337 |a bez média  |b n  |2 rdamedia 
338 |a zväzok  |b nc  |2 rdacarrier 
504 |a Obsahuje bibliografiu 
650 0 7 |a kresťanská spiritualita  |2 SNKPH  |9 67203 
650 0 7 |a Christian spirituality  |2 SNKPHeng  |9 302811 
650 0 7 |a kresťanská viera  |2 SNKPH  |9 1712 
650 0 7 |a Christian faith  |2 SNKPHeng  |9 266204 
650 0 7 |a duchovný život  |2 SNKPH  |9 1807 
650 0 7 |a Spiritual life  |2 SNKPHeng  |9 265583 
655 7 |a úvahy  |2 SNKPH  |9 29403 
655 7 |a Essays  |2 SNKPHeng  |9 267540 
700 1 |a Occhipinti, Giuseppe,  |d 1962-  |4 com  |9 571367 
700 1 |a Kováčik, Jozef,  |d 1972-  |4 trl  |9 108088 
852 |a Slovenská národná knižnica 
919 |a 978-80-69022-26-3 
954 |a duchovná literatúra cudzojazyčná (svetová)  |2 lita 
958 |a NB 
958 |a NT 
999 |c 875113  |d 877043 
952 |a SNK  |b SNK  |c SNK_KF  |y PREZ  |7 6  |p 17A1566852  |o snkSC 210017  |i snk2025/6417  |8 0  |0 0  |1 0  |4 0  |d 2025-04-11  |l 0  |r 2025-11-03 00:00:00  |w 2026-02-24 
952 |a SNK  |b SNK  |y VYP  |7 0  |p 17A1566853  |o snkSC 210017 D1  |i snk2025/6418  |8 0  |0 0  |1 0  |4 0  |d 2025-04-11  |l 0  |r 2026-02-24 05:55:42  |w 2026-02-24